La vida en otra parte : (Record no. 247)

MARC details
000 -LEADER
campo de control de longitud fija 01279cam a2200373 a 4500
001 - NÚMERO DE CONTROL
campo de control 8194472
003 - IDENTIFICADOR DE NÚMERO DE CONTROL
campo de control ASDFRTUILÑP
005 - FECHA Y HORA DE LA ÚLTIMA TRANSACCIÓN
campo de control 20220326193257.0
008 - DATOS DE LONGITUD FIJA--INFORMACIÓN GENERAL
campo de control de longitud fija 100401s2009 cr b 000 0 spa
010 ## - NÚMERO DE CONTROL DE LA BIBLIOTECA DEL CONGRESO
Número de control de LC 2010385300
020 ## - NÚMERO INTERNACIONAL ESTÁNDAR DEL LIBRO
Número Internacional Estándar del Libro 9789968472197
020 ## - NÚMERO INTERNACIONAL ESTÁNDAR DEL LIBRO
Número Internacional Estándar del Libro 9968472190
035 ## - NÚMERO DE CONTROL DEL SISTEMA
Número de control de sistema (OCoLC)ocn609904978
035 ## - NÚMERO DE CONTROL DEL SISTEMA
Número de control de sistema (OCoLC)609904978
035 ## - NÚMERO DE CONTROL DEL SISTEMA
Número de control de sistema (NNC)8194472
040 ## - FUENTE DE CATALOGACIÓN
Centro catalogador/agencia de origen DLC
Centro/agencia transcriptor DLC
043 ## - CÓDIGO DE ÁREA GEOGRÁFICA
Código de área geográfica nccr---
050 00 - SIGNATURA TOPOGRÁFICA DE LA BIBLIOTECA DEL CONGRESO
Número de clasificación JV7413
Número de ítem .J56 2009
082 ## - NÚMERO DE LA CLASIFICACIÓN DECIMAL DEWEY
Número de clasificación 304.872.86
Número de ítem J61v
100 1# - ENTRADA PRINCIPAL--NOMBRE DE PERSONA
Nombre de persona Jiménez, Alexander.
9 (RLIN) 1130
245 13 - MENCIÓN DEL TÍTULO
Título La vida en otra parte :
Resto del título migraciones y cambios culturales en Costa Rica /
Mención de responsabilidad, etc. Alexander Jiménez Matarrita.
250 ## - MENCION DE EDICION
Mención de edición 1a ed.
260 ## - PUBLICACIÓN, DISTRIBUCIÓN, ETC.
Lugar de publicación, distribución, etc. [San José, Costa Rica] :
Nombre del editor, distribuidor, etc. Editorial Arlekín,
Fecha de publicación, distribución, etc. 2009.
300 ## - DESCRIPCIÓN FÍSICA
Extensión 196 p. ;
Dimensiones 22 cm.
504 ## - NOTA DE BIBLIOGRAFÍA, ETC.
Nota de bibliografía, etc. Includes bibliographical references (p. [180]-196).
650 #0 - PUNTO DE ACCESO ADICIONAL DE MATERIA--TÉRMINO DE MATERIA
Término de materia o nombre geográfico como elemento de entrada Social change
Subdivisión geográfica Costa Rica.
9 (RLIN) 1145
650 #0 - PUNTO DE ACCESO ADICIONAL DE MATERIA--TÉRMINO DE MATERIA
Término de materia o nombre geográfico como elemento de entrada emigracion e inmigracion
Subdivisión geográfica Costa Rica
Subdivisión general condiciones sociales
-- cambio cultural
9 (RLIN) 1146
650 #0 - PUNTO DE ACCESO ADICIONAL DE MATERIA--TÉRMINO DE MATERIA
Término de materia o nombre geográfico como elemento de entrada Immigrants
Subdivisión geográfica Costa Rica
Subdivisión general Social conditions.
9 (RLIN) 1147
651 #0 - PUNTO DE ACCESO ADICIONAL DE MATERIA--NOMBRE GEOGRÁFICO
Nombre geográfico Costa Rica
Subdivisión general Emigration and immigration
-- Social aspects.
9 (RLIN) 1148
651 #0 - PUNTO DE ACCESO ADICIONAL DE MATERIA--NOMBRE GEOGRÁFICO
Nombre geográfico Costa Rica
Subdivisión general Social conditions.
9 (RLIN) 1149
700 ## - ENTRADA AGREGADA--NOMBRE PERSONAL
Nombre de persona Alexander Jimenez
9 (RLIN) 1150
948 1# - PROCESAMIENTO DE INFORMACIÓN LOCAL (OCLC); DESIGNADOR DE PARTE DE LA SERIE (RLIN)
Designador de la parte de la serie, SPT (RLIN) 20101122
b (OCLC) c
c (OCLC) dc21
d (OCLC) MPS
Holdings
Estatus retirado Estado de pérdida Fuente del sistema de clasificación o colocación Estado de daño No para préstamo Biblioteca de origen Biblioteca actual Ubicación en estantería Fecha de adquisición Total de préstamos Signatura topográfica completa Código de barras Visto por última vez Precio de reemplazo Tipo de ítem Koha
    Clasificación Decimal Dewey     Biblioteca LadoV Biblioteca LadoV   23/06/2014   304.872.86 J61v 003987 23/06/2014 23/06/2014 Material 01